| 000 | 01268naa a22002897a 4500 | ||
|---|---|---|---|
| 001 | BR7405265 | ||
| 003 | BR-BrBNA | ||
| 005 | 20240918173606.0 | ||
| 007 | ta | ||
| 008 | 230509b bl.||||| |||| 00| 0 por d | ||
| 040 |
_aBR-BrBNA _bpor _cBiblioteca Nacional de Agricultura |
||
| 041 | _a(Pt) | ||
| 072 |
_aF25 _b2120 _bG514 |
||
| 090 | _aF25 BR7405265 | ||
| 100 | 1 | _aMachado, A. de O. | |
| 111 | 1 |
_aMesas Redondas do Algodao, do Cafe e da Conservacao do Solo _cSao Paulo, SP (Brazil) _d1948 |
|
| 245 | 1 | _aO cafe e os nossos solos [Humus; Adubo organico; pH; Nutriente mineral; Coffea arabica; Sao Paulo; Brasil] | |
| 260 | 3 |
_aSao Paulo, SP (Brasil): _c1950. |
|
| 500 | _aAnais das Mesas Redondas do Algodao, do Cafe e da Conservacao do Solo; organizadas sob os auspicios do Instituto de Economia Rural, 1948/1949 Sao Paulo, SP (Brasil): 1950. p. 103-110 (BR7405265-AM)F25 | ||
| 650 | _aFertilidade do solo | ||
| 650 | _aCafe | ||
| 650 | _aAdubacao | ||
| 650 | _aSao Paulo | ||
| 773 | 0 |
_tAnais das Mesas Redondas do Algodao, do Cafe e da Conservacao do Solo; organizadas sob os auspicios do Instituto de Economia Rural, 1948/1949 _b _wF25 BR7405265 _gSao Paulo, SP (Brasil), 1950. p. 103-110 |
|
| 909 |
_a202404 _bLucia _c55 _dLucia Elande |
||
| 942 |
_cAM _2AGRIS |
||
| 999 |
_c305616 _d305616 |
||